Combinatorial matrix theory

Saved in:
Bibliographic Details
Main Authors: Brualdi, Richard A (Author), Ryser, Herbert John (Author)
Format: Book
Language:English
Published: Cambridge Cambridge University Press 1991
Series:Encyclopedia of Mathematics and its Applications, 39
Subjects:
Tags: Add Tag
No Tags, Be the first to tag this record!

MARC

LEADER 00000nam a2200000 a 4500
001 UCW1650
003 CL-VaPUC
008 920914e19910000UK |||||||||||||||||eng|d
082 0 4 |a 512.9434  |b BRU  |2 21 
100 0 |a Brualdi, Richard A  |e author  |9 305689 
700 0 |a Ryser, Herbert John  |e author  |9 305690 
245 1 0 |a Combinatorial matrix theory 
300 |a 367 p 
942 |c BK 
945 |d 19920914 00:00:00 
260 |a Cambridge  |b Cambridge University Press  |c 1991 
650 0 |a Matrices (Matemáticas)  |9 269972 
650 0 |a Análisis combinatorio   |9 269849 
583 |a last modification  |c 20120530 10:31:17  |k Rodrigo Vera 
490 0 |a Encyclopedia of Mathematics and its Applications, 39 
999 |c 216507  |d 216505 
952 |0 0  |1 0  |4 0  |6 512_943400000000000_BRU_1991  |7 0  |8 A  |9 202253  |a BIBMAT  |b BIBMAT  |d 2019-11-14  |i 2693917  |o 512.9434 BRU 1991  |p 2693917  |r 2025-01-07  |w 2019-11-14  |y BK  |k MAT